[Event "BL 2018-19"]
[Site "Germany"]
[Date "2018.11.24"]
[Round "3.3"]
[White "Efimenko, Zahar"]
[Black "Timman, Jan H"]
[Result "1-0"]
[WhiteElo "2635"]
[BlackElo "2541"]
[Annotator "Matthias Krallmann"]
[PlyCount "97"]
[EventDate "2018.11.10"]
[EventType "team-tourn"]
[EventCountry "GER"]
[SourceTitle "playchess.com"]
[Source "ChessBase"]
[SourceQuality "1"]
[WhiteTeam "Werder Bremen"]
[BlackTeam "Duesseldorf"]

{[%evp 25,97,38,39,24,43,31,34,27,106,91,97,93,102,93,103,108,179,165,161,36,
149,126,256,245,207,164,147,131,148,138,266,239,338,350,350,351,339,382,383,
355,342,312,308,204,257,266,260,161,213,213,217,207,268,269,270,268,337,344,
349,332,493,486,404,411,428,419,406,398,429,364,973,1246,1145,929] Nachdem er
früher jahrelang für die SG Porz gespielt hat, kehrte der frühere
Weltklassespieler Jan Timman mit der Düsseldorfer SG in die Bundesliga
zurück. Natürlich ist der Niederländer nicht mehr so stark wie in früheren
Zeiten, doch die Einseitigkeit der Partie von Zahar Efimenko überraschte ein
wenig.} 1. Nf3 Nf6 2. g3 d5 3. Bg2 c6 4. O-O Bg4 5. d3 Nbd7 6. Nbd2 e5 7. e4
dxe4 8. dxe4 Bc5 9. h3 Bh5 10. Qe1 O-O 11. Nh4 (11. a4 Qc7 12. Nb3 Be7 13. Nh4
Rfe8 14. Be3 Bf8 15. g4 Bg6 16. Nf5 a5 17. Qe2 Nb6 18. Ng3 $14 {1-0 (59)
Svidler,P (2759)-Bok,B (2613) Biel 2016}) 11... Re8 12. Nb3 Bf8 13. Be3 Qc7 14.
a4 a5 15. f3 {[#]} b5 $146 (15... Bb4 16. Qf2 b5 17. Rfb1 Reb8 18. Bf1 $16 {
1/2 (18)-1/2 (57) Siepelt,H (2370)-Rausis,I (2515) Germany 1996}) 16. Qf2 b4 $6
{Schwarz versucht den Damenflügel geschlossen zu halten. Allerdings gibt er
das Feld c4 auf und ermöglicht Weiß den Hebel c3.} (16... Reb8) 17. Nd2 $16
c5 18. b3 {Der Computer schlägt hier einen sehr interessanten Plan vor. Weiß
greift nicht, wie im königssindischen Angriff üblich am Königsflügel,
sondern mittels des Hebels c3 am Damenflügel an.} Nb6 {[#]} 19. f4 (19. Rfc1
Nfd7 20. g4 Bg6 21. c3 bxc3 22. Rxc3 Be7 23. Bf1 Qd8 24. Ng2 $16) 19... exf4 (
19... Rad8 20. f5 Rd6 21. Kh1 $14) 20. Bxf4 Qa7 (20... Qc8 21. e5 Nfd5 22. g4
Bg6 23. Nxg6 hxg6 24. Bg3 $16) 21. e5 Nfd5 22. Ne4 (22. g4 Bg6 23. Nxg6 hxg6
24. Bg3 $16) 22... Rad8 {[#]} (22... c4 23. Nf5 Bg6 24. Nfd6 $14) 23. Rae1 $1 {
Alle weißen Figuren sind nun aktiv postiert. Efimenko steht besser.} Bg6 (
23... Qc7 $16) 24. Nxg6 (24. Nxc5 $2 Nxf4 25. gxf4 Nd5 $17) 24... hxg6 25. Bg5
$36 {[%mdl 2048]} Rc8 26. Nd6 Bxd6 27. exd6 {[#] Der weiße Freibauer lähmt
die schwarzen Kräfte.} Rxe1 (27... f6 28. Be3 Nxe3 29. Rxe3 Qd7 30. Rd1 $16)
28. Rxe1 f6 (28... Qd7 29. Be7 c4 30. Re5 $18) 29. Qd2 Qf7 30. Be3 Kh7 31. Bf2
Rc6 32. Qe2 Rxd6 33. Bxc5 {[#] Der Freibauer ging verloren, aber die Stellung
wurde geöffnet und nun dominiert das weiße Läuferpaar.} Rd8 34. Qg4 Qc7 {[#]
} 35. Bf2 $1 Nc3 36. h4 (36. Re6 Nbd5 37. Bf1 Qd7 38. Bd3 $18) 36... Qd7 37.
Qxd7 Nxd7 38. Bd4 Ne5 39. Bxe5 fxe5 40. Rxe5 {[%mdl 4096]} Rd2 41. Bf1 Rxc2 42.
Rxa5 Nd1 {[#]} (42... Kh6 43. Re5 Rb2 44. g4 Kh7 45. a5 $18) 43. Rh5+ $1 {
[%mdl 512]} Kg8 (43... gxh5 44. Bd3+ $18) 44. Rb5 Ne3 45. Rxb4 Rc1 46. Rf4 Rb1
47. a5 Nxf1 48. Rxf1 Rxb3 49. Ra1 {Eine überlegen geführte Partie von Zahar
Efimenko.} 1-0

[Event "BL 2018/19"]
[Site "Germany"]
[Date "2018.12.15"]
[Round "5.1"]
[White "Fressinet, Laurent"]
[Black "Almasi, Zoltan"]
[Result "1-0"]
[WhiteElo "2650"]
[BlackElo "2682"]
[Annotator "C.D. Meyer"]
[PlyCount "35"]
[EventDate "2018.??.??"]
[WhiteTeam "USV TU Dresden"]
[BlackTeam "SV Werder Bremen"]

{NEUER WEIN IN ALTEN SCHLÄUCHEN (Sturm am Königsflügel)} 1. e4 d6 2. d4 Nf6 3.
Nc3 g6 4. Be3 {Schon seit einigen Jahren hat Werder Bremens französischer
Spitzenspieler diese flexible Fortsetzung, mit der er sich sein weiteres
Vorgehen gegen die Pirc-Verteidigung offen hält, in seinem Repertoire.} c6 (
4... Bg7 5. h3 (5. Qd2 O-O 6. Nf3 a6 7. Bh6 b5 8. Bd3 Bb7 9. h4 Bxh6 10. Qxh6
e5 11. dxe5 dxe5 12. Ng5 Qe7 13. h5 Nbd7 14. O-O-O $14 {- 1:0/72, Fressinet,L 
(2702) - Firman,N (2531), Germany 2013.}) 5... O-O 6. Nf3 a6 7. Bd3 b5 8. e5
dxe5 9. dxe5 Nd5 10. Bd2 Bb7 11. Ne4 Nd7 12. e6 f5 13. exd7 fxe4 14. Bxe4 Bxb2
15. O-O Bxa1 (15... Qxd7 16. Rb1 Bg7 $13 {/=}) 16. Qxa1 Qxd7 17. Bh6 Rf6 18.
Rd1 Rd8 19. Ne5 Qe6 20. Re1 Qd6 21. Ng4 Bc6 22. Rd1 Qe6 23. Re1 Qd6 24. Rd1 Qe6
25. Re1 Qd6 {1/2-1/2, Fressinet,L (2662)-Sethuraman,S (2629), Sharjah 2017}) 5.
Nf3 {Anstelle von 5.Dd2 (nebst f3) bzw. 5.f3 (nebst Dd2) setzt Weiß auf
schnelle Entwicklung und strebt eher eine ruhige Behandlung als einen
zweischneidigen Kampf mit heterogenen Rochaden an.} ({Weitere Themen (ohne
frühes Lg7): I} 5. f4 b5 6. Bd3 Ng4 7. Bd2 e5 8. dxe5 dxe5 9. Qf3 $6 (9. f5 $5)
9... exf4 10. Bxf4 Bg7 11. O-O-O O-O 12. Bxb5 Qa5 13. Bc4 Bxc3 14. bxc3 $13 {
- 0:1/48, Caruana,F (2816) - Mamedyarov,S (2808), Paris 2018}) ({II} 5. Qd2 b5
6. Bd3 Nbd7 7. Nf3 e5 (7... Qc7) 8. O-O $14 {- 1:0/27, Fressinet,L (2654) -
Levacic,D (2253) Ajaccio 2007}) ({III} 5. h3 Nbd7 (5... Qa5 6. Bd3 e5 7. Nf3 {
- 1/2-1/2/45, Fressinet,L (2702) - Onischuk,V (2612), Bastia 2015} (7. dxe5 $5
dxe5 8. Nf3)) 6. f4 b5 (6... e5 $142) 7. a3 Nb6 (7... e5 8. Nf3) 8. Nf3 d5 9.
e5 $14 {- 1:0/31, Fressinet,L (2702) - Onischuk,V (2612), Bastia 2015}) 5...
Bg7 6. Qd2 b5 7. Bd3 $5 {Eine sehr beliebte und gefährliche Variante. Schwarz
muß nun auf der Hut sein.} ({Das direkte} 7. Bh6 {verdient auch Beachtung, z.
B.:} O-O (7... Bxh6 8. Qxh6 b4 9. Nd1 Nxe4 10. Bd3 $5 (10. Qg7 Rf8 11. Qxh7 Bg4
$13 (11... Qa5 $13)) 10... Nf6 11. O-O $32 Ba6 12. Ne3 Bxd3 13. cxd3 $14) 8.
Bd3 Bg4 9. h4 Nbd7 10. h5 $5 Nxh5 $1 $13 (10... Bxh5 $2 11. Bxg7 Kxg7 12. e5
dxe5 13. dxe5 Ng8 14. Rxh5 gxh5 15. Qg5+ Kh8 16. Qxh5 Ndf6 17. exf6 Nxf6 18.
Qh6 Rg8 19. O-O-O $40 {+-} Rg7 20. Ne4 $1) (10... e5 $2 11. Bxg7 Kxg7 12. hxg6
fxg6 13. dxe5 (13. Qh6+ Kh8 14. dxe5 Nxe5 (14... dxe5 15. Nh4) 15. Nxe5 dxe5
16. Qxg6 $16) 13... Nxe5 14. O-O-O Nxf3 15. Qh6+ Kg8 16. gxf3 Bxf3 17. e5 Bxh1
$2 (17... dxe5 18. Bc4+ bxc4 19. Rxd8 Raxd8 $14) 18. Bxg6 $18 Bf3 19. exf6 Qc7
20. Rg1 Kh8 21. Be4 (21. Bh5 $1 Rg8 22. Rxg8+ Rxg8 23. f7) 21... Bxe4 22. Qg7+
Qxg7 23. fxg7+ {- 1:0, Giri,A (2782) - Mamedyarov,S (2801), chess.com INT 2018}
) 11. Nh2 Be6 12. Bxg7 Kxg7 13. Nf1 Kh8 14. Qh6 Ndf6 15. f3 $44 {/\g4}) 7...
Bg4 {[#] Heikel, damit beschwört Schwarz große Verwicklungen herauf.} ({
Nach dem am häufigsten anzutreffenden und solideren} 7... Nbd7 {, um im
Zentrum festen Fuß zu fassen, ist Schwarz allerdings auch nicht auf Rosen
gebettet. Hierzu ein paar Beispiele:} 8. O-O (8. h3 Qc7 9. Ne2 Rb8 (9... Bb7
10. Ng3 a6 11. Bh6 Bxh6 12. Qxh6 e5 13. c3 $14 {- 1:0/59, Fressinet,L (2593) -
Leski,M (2421), France 2003}) 10. Ng3 c5 11. c3 O-O 12. O-O e5 13. b4 c4 14.
Bc2 $14 d5 $2 15. Nxe5 Nxe5 16. dxe5 Nxe4 17. Nxe4 dxe4 18. Bc5 Qxe5 19. Bd6
Rd8 20. Bxe5 Rxd2 21. Bxb8 Rxc2 22. Rad1 $16 {- 1:0/51, Fressinet,L (2713) -
Kobo,O (2380), Douglas 2014}) (8. Ne2 e5 $6 9. Ng3 (9. dxe5 $5 dxe5 10. a4 Bb7
11. h3) 9... Qe7 10. O-O O-O 11. h3 Bb7 12. c3 a6 13. Rfe1 Rfe8 14. a4 $14 {
- 1/2-1/2/42, Fressinet,L (2662) - Andriasian,Z (2585), Riadh 2017}) 8... O-O
9. h3 e5 (9... Qc7 10. Ne2 c5 11. c3 e5 12. Ng3 a6 13. a4 $14) 10. dxe5 Nxe5 (
10... dxe5 $6 11. a4 b4 12. Ne2 a5 13. Ng3 (13. c3 $142 $1 $16) 13... Qe7 14.
c3 $14 {- 1:0/29, Dominguez Perez,L (2739) - So,W (2788), Saint Louis 2017})
11. Nxe5 dxe5 12. a4 b4 13. Ne2 (13. Na2 c5 14. f3 Qc7 15. Bc4 Rd8 16. Qf2 $14)
13... a5 14. Rfd1 Qc7 15. Ng3 Be6 16. Qe2 Rfd8 17. Bc4 $14) 8. e5 $1 {Mit
diesem energischen Vorstoß legt Weiß sofort seinen Finger in die Wunde.} ({
Schwächer ist} 8. O-O-O $143 Nbd7 9. Kb1 (9. e5 b4) 9... O-O 10. Bh6 e5 11. Ne2
c5 12. dxe5 Nxe5 13. Nxe5 dxe5 14. Bxg7 Kxg7 15. f3 Bd7 16. c4 b4 17. Qe3 {
- 1/2-1/2, Dubov,D (2701) - Svidler,P (2760), Moscow 2018}) 8... b4 {Schwarz
hält mutig dagegen, obwohl auch ein paar moderate Fortsetzungen zu bedenken
sind:} ({I} 8... Nfd7 $6 9. exd6 $1 exd6 (9... Bxf3 $143 10. gxf3 exd6 11.
O-O-O $16 (11. h4 $16)) 10. Bg5 $5 f6 (10... Bf6 11. Bh6) (10... Nf6 11. Qe3+
Qe7 12. Ne4 O-O 13. O-O) 11. Bh6) ({II} 8... Nh5 9. Be2 (9. Be4 $14) (9. exd6
$14) 9... dxe5 10. Nxe5 Bxe2 11. Qxe2 O-O $14) ({III} 8... dxe5 9. Nxe5 O-O 10.
O-O $14) 9. Ne4 $1 Nd5 $2 {Danach sieht sich Ungarns Nr. 2 - wie in einer
bekannten Vorgängerpartie (folgt nachstehend) - gleich einem heftigen Angriff
ausgesetzt!} ({In dieser kritischen Lage durfte der Nachziehende aber keine
Zeit verschenken und sollte er unbedingt mit dem einlenkenden Tausch} 9... Nxe4
$142 {versuchen, "Druck vom Kessel zu nehmen", z.B.} 10. Bxe4 d5 (10... Bxf3
11. Bxf3 dxe5 12. O-O-O $14) (10... a5 11. a3 $14) 11. Bd3 $14 c5 $5 (11...
Bxf3 $6 12. gxf3 a5 $2 (12... Qb6 13. h4 $1 $40) (12... Nd7 13. f4 $16) 13. h4
$1 $40) 12. dxc5 $1 (12. Bh6 $6 Bxh6 13. Qxh6 Bxf3 14. Qg7 Kd7 15. gxf3 Qf8 16.
Qxf8 Rxf8 17. dxc5 $13 {/=, - 0:1/41, Polzin,R (2405) - Firman,N (2512),
Achaia 2017}) 12... Bxf3 (12... O-O $6 13. Nd4 Bxe5 14. Qxb4 $16) 13. Bb5+ (13.
gxf3 O-O 14. f4 Qa5 15. h4 Nc6 $14) 13... Nd7 14. gxf3 Rb8 15. Ba4 O-O 16. f4
e6 17. h4 h5 18. O-O-O Qc8 $5 19. Bxd7 (19. Qd4 Rd8) (19. c6 Qa6) 19... Qxd7
20. f5 $1 $14) 10. Bh6 $1 {[#]} O-O $2 {Rochade ins Verderben! Dagegen mögen
folgende Alternativen das geringere Übel sein:} ({I} 10... Bxh6 11. Qxh6 Bxf3
12. gxf3 dxe5 13. O-O-O $16 (13. Qg7 $16)) ({II} 10... Kf8 $5 11. O-O-O (11.
Be2 Bxf3 12. Bxf3 dxe5 13. dxe5 Nd7 14. e6 Ne5 15. exf7 Nxf3+ 16. gxf3 Nf6 17.
Bxg7+ Kxg7 18. Qxb4 Nxe4 19. fxe4 Rf8 20. Qc3+ Kxf7 21. Rd1 $14) 11... dxe5 12.
Nxe5 $5 (12. dxe5 e6 13. h4 Nd7) 12... Bxd1 13. Rxd1 Qc8 14. Nc5 f6 (14... a5
15. h4 Ra7 16. h5 Nd7 17. Bc4 Nxe5 18. dxe5 e6 (18... Qf5 $143 19. Bxg7+ Kxg7
20. h6+ Kg8 21. e6) 19. Ne4 Qb8 20. Bxg7+ Kxg7 21. h6+ Kf8 22. Qg5 $16) 15. Nf3
Kf7 16. Bxg7 Kxg7 17. Re1 $16) ({III} 10... Bxf3 11. gxf3 Kf8 12. exd6 exd6 13.
O-O-O Nd7 14. Rde1 $16 {/\h4}) 11. h4 $1 {[#] Kompromisslos wird die schwarze
Königsfeste erstürmt!} Bxf3 ({Auf sehenswerte Weise scheitern ebenfalls z.B.: I
} 11... f5 12. h5 $3 {und nun z.B.:} fxe4 (12... Bxh5 13. Bxg7 Kxg7 (13... fxe4
14. Qh6 Rxf3 15. Rxh5 exd3 (15... gxh5 16. Bxe4) 16. gxf3 Kf7 (16... gxh5 17.
O-O-O $18) 17. Qxh7 gxh5 (17... Nf4 18. Bh6+ Ke6 19. Bxf4 gxh5 20. exd6 $18)
18. Qxh5+ Kxg7 19. O-O-O $18) (13... Rf7 14. Neg5 Rxg7 15. Ne6 Qc8 16. Nxg7
Kxg7 17. g4 fxg4 18. Rxh5 gxh5 19. Qg5+ Kf8 (19... Kh8 20. Qh6 Qg8 21. Ng5 $18)
20. Bf5 $18) 14. Nfg5 Qc8 15. Ng3 h6 16. Nxh5+ gxh5 17. Rxh5 $18 Rh8 18. O-O-O)
(12... Qe8 13. Bxg7 Kxg7 (13... fxe4 14. Bxf8 exd3 15. Bh6) 14. hxg6 Qxg6 (
14... h5 15. Ng3 $18) 15. Nh4 Qe6 16. Qg5+ Kf7 17. Nxd6+ exd6 18. Nxf5 $18) 13.
hxg6 Bf5 (13... e3 14. gxh7+ Kh8 15. Bxg7+ Kxg7 16. fxe3 $18) 14. gxh7+ Kh8 (
14... Bxh7 15. Bxg7 Nf4 16. Ng5 $18) 15. Bxg7+ Kxg7 16. Qg5+ Kh8 17. g4 $1 e6 (
17... Be6 18. Nh4 Nf4 19. Bxe4 $18) 18. gxf5 (18. Qh6) 18... Qxg5 19. Nxg5 $18)
({II} 11... Bh5 12. Nh2 $1 f5 13. exf6 exf6 14. Bxg7 Kxg7 15. O-O $1 f5 (15...
h6 16. Ng3) 16. Ng5 $18) ({III} 11... dxe5 12. Bxg7 Kxg7 (12... Bxf3 13. Qh6
Bxe4 14. Bxe4 f6 (14... Re8 15. h5) 15. Bxf8 Qxf8 16. Qxf8+ Kxf8 17. dxe5 $18)
13. Nxe5 h5 14. Nxg4 hxg4 15. h5 Nd7 16. hxg6 Rh8 17. O-O-O $18) 12. gxf3 {[#]}
dxe5 ({Oder: I} 12... f5 13. Bxg7 (13. h5) 13... fxe4 (13... Kxg7 14. Ng5 Qc8
15. h5 Rh8 (15... h6 16. hxg6 $1 hxg5 17. Qxg5 Rh8 18. O-O-O $18) 16. O-O-O
dxe5 17. hxg6 hxg6 18. Bc4 Nd7 19. Bxd5 cxd5 20. Qxb4 $18) 14. fxe4 Kxg7 15.
exd5 dxe5 16. h5 $18) ({II} 12... Re8 13. h5 Bh8 14. e6 $1 $18) ({III} 12... f6
13. h5 g5 14. Bxg5 $1 fxg5 15. h6 Bf6 16. Nxg5 dxe5 17. dxe5 $18 Bxe5 18. Ne6
Qd6 19. Qg5+ Kf7 (19... Kh8 20. Qg7+ $1 Bxg7 21. hxg7+ Kg8 22. gxf8=Q#) 20.
Nxf8 Kxf8 21. Bxh7 Qe6 22. Be4) 13. h5 $1 $40 {+- Bis hier ist alles schon
einmal da gewesen.} Bh8 ({I} 13... Bf6 14. Nxf6+ (14. hxg6 fxg6 15. Ng5 Bxg5
16. Qxg5 e6 17. Qg3 $18) 14... exf6 15. hxg6 fxg6 16. Bxf8 Qxf8 17. dxe5 Nd7 (
17... fxe5 18. Be4 (18. O-O-O Nd7 19. Bb5) 18... Qf7 19. O-O-O) 18. Be4 N7b6
19. exf6 Qxf6 20. Qh6 Qf7 21. O-O-O Nf6 22. Bxg6 {- 1:0, Short,N (2670) -
Irzhanov,R (2535), Elista (ol) 1998}) ({II} 13... Nf4 14. Bxg7 Kxg7 15. dxe5
Nxd3+ (15... Nxh5 16. Rxh5 gxh5 17. Qg5+ Kh8 18. Qh6 (18. Nf6) 18... Rg8 19.
Ng5 Rg7 20. Bxh7 $18) (15... g5 16. Rg1 $1 Nxd3+ 17. cxd3 Kh8 (17... f6 18. f4
Qd4 19. exf6+ exf6 20. Rc1 $1) 18. Qxg5 Rg8 19. Qxg8+ Qxg8 20. Rxg8+ Kxg8 21.
Ke2 $18) 16. cxd3 Rh8 17. h6+ (17. Qxb4) 17... Kf8 18. e6 fxe6 19. Qxb4 $18)
14. Ng5 Bf6 (14... Nf4 15. hxg6 hxg6 16. Bxf8 Qxf8 17. Rxh8+ Kxh8 18. dxe5
Nxd3+ 19. Qxd3 {/\0-0-0 etc. +-}) 15. Nxh7 $1 Kxh7 16. hxg6+ Kg8 17. g7 Re8 18.
O-O-O {und Schwarz gab den hoffnungslosen Widerstand auf.} ({Für die Galerie
war auch eine opferfreudige Mattalternative anzubieten:} 18. Bh7+ Kxh7 19. Bg5+
Kg6 (19... Kg8 20. Bxf6 exf6 21. Rh8+ Kxg7 22. Qh6#) 20. Qd3+ {nebst Matt in 4:
} Kxg5 21. Qh7 {usw.} ({auch:} 21. O-O-O) (21. Kd2)) 1-0

[Event "BL 2018-19"]
[Site "Germany"]
[Date "2018.12.16"]
[Round "6.2"]
[White "Areshchenko, Alexander"]
[Black "Moranda, Wojciech"]
[Result "1-0"]
[WhiteElo "2652"]
[BlackElo "2599"]
[Annotator "Matthias Krallmann"]
[PlyCount "90"]
[EventDate "2018.11.10"]
[EventType "team-tourn"]
[EventCountry "GER"]
[SourceTitle "playchess.com"]
[Source "ChessBase"]
[SourceQuality "1"]
[WhiteTeam "Werder Bremen"]
[BlackTeam "SF Berlin"]

{[%evp 20,89,54,36,53,49,44,46,53,37,55,56,52,44,41,48,39,22,26,34,54,65,52,67,
77,44,62,67,81,56,68,69,76,79,77,85,112,89,89,82,189,176,247,236,245,254,474,
468,456,469,505,503,505,505,505,490,489,489,744,651,958,966,1026,979,1278,1278,
1274,1271,1228,1217,1225,1218]} 1. e4 d6 2. d4 Nf6 3. Nc3 e5 4. Nf3 Nbd7 5. Bc4
Be7 6. a4 O-O 7. O-O a5 8. Re1 c6 9. h3 h6 10. Be3 Re8 11. Qe2 (11. d5 Nb6 12.
Bb3 cxd5 13. exd5 Bd7 14. Qd3 Nh7 15. Nb5 Kh8 16. Nxe5 dxe5 17. d6 Bg5 18. Nc7
Bxe3 19. Qxe3 {0-1 (35) Morozevich,A (2656)-Yudin,S (2525) Cheliabinsk 2018})
11... exd4 12. Bxd4 Bf8 13. Bb3 $146 (13. Qd2 Nb6 14. Bf1 Be6 15. Rad1 d5 16.
Qf4 Bd6 17. Qe3 Nfd7 {0-1 (86) Bolding,K (2340)-Manouck,T (2273) Chartres 2005}
) 13... Ne5 14. Rad1 Qc7 15. Nd2 Be6 16. f4 Ned7 17. Qf3 Rad8 18. Re2 Bxb3 19.
Nxb3 d5 20. e5 Nh7 21. Rde1 Bb4 22. Bf2 Kh8 23. Kh1 Ndf8 {[#]} 24. Bh4 $36 {
[%mdl 2048]} ({Es macht viel Sinn den schwarzen Verteidigungsläufer
abzutauschen. Eine andere Möglichkeit wäre gewesen sofort einen Bauernsturm
gegen die gegnerische Königsfestung zu inszenieren.} 24. h4 f6 (24... b6 25.
g4 Nd7 26. Bg3 Nc5 27. Nxc5 bxc5 28. f5 $16) 25. e6 Ng6 26. f5 Ne5 27. Qh3 $16)
24... Be7 25. Bxe7 Rxe7 26. Nd4 g6 27. f5 Qb6 28. Qf4 g5 29. Qd2 Qc7 {[#]} ({
Computerprogramme möchten hier gerne einen Bauern gewinnen. Menschliche
Spieler schrecken instinktiv von solch riskanten Aktionen zurück. In der
Analyse bestätigt sich, dass Weiß sehr starken Angriff für den geopferten
Bauern erhält.} 29... Qxb2 30. f6 Red7 31. Nf5 h5 32. Rb1 (32. Ng7 d4 33. Nd1
Qb4 34. Qc1 d3 35. cxd3 Rxd3 36. Nf2 Rc3 37. Qb2 Qxb2 38. Rxb2 Rd7 $11) 32...
Qa3 33. Ng7 h4 34. Ree1 Qc5 35. Nd1 $16) {Der Auftakt zu einem sehr starken
Springermanöver. Auf g4 soll der Springer die schwachen Felder f6 und h6
angreifen.} 30. Nd1 $18 {[%cal Bc3d1,Bd1f2,Bf2g4][%mdl 32]} ({Eine andere
Möglichkeit wäre der Vorstoß des f-Bauern gewesen.} 30. f6 Ree8 (30... Re6
31. Nxe6 Nxe6 32. Nd1 $16) 31. Nf5 h5 32. Ng7 h4 33. Nxe8 Rxe8 34. Re3 Ne6 35.
Nd1 $16) 30... Rde8 (30... Nd7 $142 31. e6 Ndf6 32. Nf2 Nh5 33. Kg1 Nf4 34. Re3
Nf6 35. g3 $16) 31. Qc3 $1 Kg8 32. Nf2 Rxe5 {[#]} (32... h5 33. e6 Qb6 34. Nd3
$16) 33. Ng4 $1 (33. Ne6 R5xe6 34. fxe6 Rxe6) 33... f6 34. Nxe5 fxe5 {[#]} 35.
Ne6 $1 {[%cal Re6c7] Die Entscheidung! Das nun folgende zweite Qualitätsopfer
ist bereits Verzweiflung. Die Alternative führt zu einem verlorenen Endspiel.}
Rxe6 (35... Nxe6 36. Rxe5 Nf6 37. Rxe6 Rxe6 38. Rxe6 Ne4 39. Qe5 $18) 36. fxe6
e4 37. Rf2 Nxe6 38. Ref1 b6 {[#]} (38... h5 $142 39. g3 Nd8 40. Rf5 $18) 39.
Rf7 $1 Qd6 40. Ra7 d4 41. Qb3 e3 42. Qd3 {[%csl Ga7][%cal Rd3h7]} Nef8 43. Rff7
Nf6 {[#]} 44. Rxf8+ $1 {[%mdl 512] Ein ästhetischer Abschluss.} Kxf8 (44...
Qxf8 45. Qg6+ Kh8 46. Rf7 $18) 45. Qg6 Qe7 {Eine starke Angriffspartie von
Alexander Areshchenko!} 1-0

[Event "BL 2018-19"]
[Site "Germany"]
[Date "2018.12.16"]
[Round "6.7"]
[White "Thiede, Lars"]
[Black "Fish, Gennadij"]
[Result "0-1"]
[WhiteElo "2411"]
[BlackElo "2457"]
[Annotator "Matthias Krallmann"]
[PlyCount "92"]
[EventDate "2018.11.10"]
[EventType "team-tourn"]
[EventCountry "GER"]
[SourceTitle "playchess.com"]
[Source "ChessBase"]
[SourceQuality "1"]
[WhiteTeam "SF Berlin"]
[BlackTeam "Werder Bremen"]

{[%evp 23,92,-24,-17,-29,-27,-38,-31,-39,-28,-36,-39,-48,-47,-54,-56,-95,-89,
-97,-92,-85,-39,-77,-76,-85,-75,-83,-82,-79,-59,-63,-64,-67,-76,-64,-77,-74,
-104,-72,-2,-3,-3,-11,-4,-11,-4,-7,-7,-22,0,0,0,0,0,0,0,-1160,-871,-29970,
-29971,-29971,-29971,-29972,-29973,-29974,-29975,-29975,-29976,-29976,-29977,
-29977,-29977]} 1. Nf3 c5 2. g3 Nc6 3. c4 g6 4. Bg2 Bg7 5. O-O e6 6. Nc3 Nge7
7. d3 O-O 8. Bd2 d5 9. Qc1 b6 10. Bh6 Bb7 11. Bxg7 Kxg7 12. cxd5 Nxd5 13. Re1
$146 {[%emt 0:00:05]} (13. Nxd5 Qxd5 14. Qc3+ Kg8 15. Rfe1 Qd7 16. e3 Rad8 17.
Rad1 Qe7 18. a3 Rd7 19. h4 Rfd8 20. Ng5 f6 {1/2-1/2 (58) Dubov,D (2624)
-Korobov,A (2720) Tromsoe 2013}) 13... Rc8 14. Nxd5 Qxd5 15. Qc3+ f6 16. a3 Nd4
17. Rac1 e5 18. Nh4 Qd7 19. Bxb7 Qxb7 20. e3 {[#] Schwarz tauscht seinen
aktiven Springer selbstverständlich nicht gegen den passiven weißen
Randspringer ab, der in der Folge die Problemfigur des Weißen bleibt.
Gennadij steht hier besser.} Ne6 $1 21. f4 Qd5 22. fxe5 fxe5 23. Rf1 Rcd8 24.
Rxf8 Rxf8 25. e4 Qd6 26. Rf1 Nd4 27. Qd2 Rxf1+ 28. Kxf1 Qf6+ 29. Qf2 Qg5 30.
Kg2 {[#]} a5 $6 ({Hier vepasst der Nachziehende einen schönen Bauernvorstoß,
der den Verteidiger des wichtigen Bauern e4 ablenkt.} 30... c4 $1 {[%cal Rc4d3]
[%mdl 512]} 31. dxc4 Qg4 32. Qe1 Nc2 33. Qd2 Qxe4+ 34. Kf2 Nd4 $17) 31. Nf3 $11
Nxf3 32. Kxf3 {[%mdl 4096]} Qf6+ (32... Qh5+ 33. Ke3 Qh6+ 34. Kf3 Qc1 35. Qg2
Qb1 36. Ke3 $11) 33. Ke2 Qxf2+ (33... Qd6 34. Kd2 a4 35. Qe3 h6 36. Kc2 Qd4 37.
Qxd4 $11) 34. Kxf2 {Objektiv ist dieses Bauernendspiel ausgeglichen. Aber
Weiß muss mehr aufpassen als Schwarz, da der Nachziehende am Damenflügel
einen strukturellen Vorteil hat.} a4 35. Kf3 Kf6 36. Kg4 $1 {Zuerst macht
Weiß alles richtig. Er aktiviert seinen König und hält damit den schwarzen
König davon ab zum Damenflügel zu laufen.} b5 37. Kh4 h6 {[%cal Bh7h6,Bh6h5]
[%mdl 32]} 38. Kg4 Kf7 {[#]} 39. h4 $2 {[%mdl 8192] Der entscheidende Fehler!
Weiß musste mit seinem König hin- und herpendeln. Dann hätte Schwarz nicht
den König aktivieren können.} (39. Kh4 Ke7 40. Kg4 b4 41. h4 Kf7 42. h5 Kg7
43. Kh4 g5+ 44. Kg4 Kf6 45. Kf3 $11) 39... h5+ $1 $19 40. Kg5 {[#]} (40. Kf3
Ke6 41. Ke2 b4 42. Kd2 Kd6 43. Kc2 Kc6 44. Kd2 Kb5 45. Kc2 c4 46. Kd2 Kc5 $19)
40... Kg7 $1 {Zugzwang!} 41. g4 hxg4 42. Kxg4 {[#]} Kh6 $1 {Zugzwang!} 43. Kg3
Kh5 44. Kh3 g5 45. hxg5 Kxg5 46. Kg3 c4 {Und ein letztes Mal Zugzwang. Weiß
kann die Opposition nicht halten und verliert den Bauern e4.} 0-1